000 01113nmc a2200409 a 4500
003 AR-BaBNM
005 20251128204519.0
008 275019s1989 ||||||||||||||000 | spa||
020 _a950-9553-06-9
040 _cAR-BaBNM
100 1 _aMarioni, Oscar
245 1 0 _aEl Atlántico Sur y la crisis militar
_bde Videla y Galtieri a Seineldín y Rico
260 _aBuenos Aires
_bAgora
_c1989
300 _a223 p.
_bil., mapas
490 0 _aTemas antiimperialistas
_vv. 5
500 _aApéndices en p. 201-216
600 1 4 _aVidela, Jorge Rafael
600 1 4 _aGaltieri, Leopoldo Fortunato
600 1 4 _aSeineldin, Mohamed Ali
600 1 4 _aRico, Aldo
650 4 _aHISTORIA
650 4 _aPOLITICA
650 4 _aHISTORIA MILITAR
650 4 _aFUERZAS ARMADAS
650 4 _aGEOPOLITICA
650 4 _aGUERRA DE MALVINAS
650 4 _aPESCA
650 4 _aACUERDOS INTERNACIONALES
650 4 _aCONVENIOS
651 4 _aOceáno Atlántico Sur
651 4 _aIslas Malvinas
651 4 _aArgentina
651 4 _aAntártida
651 4 _aCanal de Beagle
942 _cBK
998 _cMarce
999 _c7728
_d7728